| 000 | 00812nam a2200241 a 4500 | ||
|---|---|---|---|
| 999 |
_c9335 _d9335 |
||
| 001 | 9335 | ||
| 003 | BD-JhCC | ||
| 005 | 20180529092200.0 | ||
| 008 | 180313s1966 bg |||| ||a| 000 0 ben d | ||
| 035 | _a(BD-JhCC)9335 | ||
| 040 |
_aBD-JhCC _dBD-JhCC |
||
| 041 | _aben | ||
| 082 |
_a321.642 _bBAR 1966 |
||
| 100 | _aবার্নেট, এ. ডোয়াক | ||
| 245 |
_aএশিয়ায় কম্যুনিজম / _c এ. ডোয়ক বার্নেট, এ. আর চ্যাটার্জ (অনুবাদ) |
||
| 260 |
_aঢাকা : _bখোশরোজ কিতাবমহল, _c1966 |
||
| 300 |
_a367 p. : _c20 cm. |
||
| 650 | _aCommunist | ||
| 650 | _aPolitical Science | ||
| 700 | _aচ্যাটার্জ, এ. আর | ||
| 942 |
_2ddc _cBK |
||